Visualizzazione normale
Vista MARC
- Heyman Edward
di Personal Name
Records bibliografici associati: 1
001 - CONTROL NUMBER
- control field: 25733
003 - CONTROL NUMBER IDENTIFIER
- control field: IT-RoPau
005 - DATE AND TIME OF LATEST TRANSACTION
- control field: 20140518210425.0
008 - FIXED-LENGTH DATA ELEMENTS
- fixed length control field: 140518|| aca||aabn | a|a d
040 ## - CATALOGING SOURCE
- Original cataloging agency: IT-RoPau
- Transcribing agency: IT-RoPau
100 ## - HEADING--PERSONAL NAME
- Personal name: Heyman Edward
- Dates associated with a name: Codice autore musica SPICS: 15566
- Relator term: Autore musica
- Name of part/section of a work: Blame It On My Youth
670 ## - SOURCE DATA FOUND
- Source citation: Work cat.: (IT-RoPau)99902: AA.VV. 794, Chet Baker Sings and Plays From the Film "Let's Get Lost" A Film By Bruce Weber